[Event "2. Rethymno Open"]
[Site "Rethymno GRE"]
[Date "2010.07.14"]
[Round "3.23"]
[White "Breier, Andreas"]
[Black "Stray, Gunnar"]
[Result "1-0"]
[WhiteElo "2399"]
[BlackElo "2055"]
[PlyCount "91"]
[EventDate "2010.07.13"]
[EventType "swiss"]
[EventRounds "9"]
[EventCountry "GRE"]
[Source "lmi"]
[SourceDate "2010.07.13"]

1. Nf3 e6 2. d3 d5 3. g3 c5 4. Bg2 Nc6 5. O-O Nf6 6. Nbd2 Be7 7. c3 O-O 8. e4
b6 9. e5 Nd7 10. Re1 Bb7 11. Nf1 Qc7 12. Bf4 Rfd8 13. h4 Nf8 14. Bg5 d4 15. c4
h6 16. Bxe7 Nxe7 17. N1d2 Rab8 18. Ne4 Bxe4 19. Rxe4 b5 20. b3 bxc4 21. bxc4
Rb6 22. Nd2 Nfg6 23. f4 Nf5 24. Nf1 Rdb8 25. h5 Nf8 26. g4 Nh4 27. Bh1 g5 28.
hxg6 fxg6 29. Ng3 Rb2 30. Re2 Qb6 31. Ne4 Rb1 32. Rxb1 Qxb1 33. Qxb1 Rxb1+ 34.
Kh2 Nd7 35. Nd6 Rf1 36. Bc6 Nf8 37. Kg3 g5 38. f5 Rg1+ 39. Kh2 Rf1 40. fxe6
Nhg6 41. Bd5 Ne7 42. Nf5 Nfg6 43. Rb2 Nxd5 44. cxd5 Nxe5 45. Rb8+ Kh7 46. Rb7+
1-0

[Event "2. Rethymno Open"]
[Site "Rethymno GRE"]
[Date "2010.07.14"]
[Round "3.27"]
[White "Rombaldoni, Denis"]
[Black "Middelhoven, Huib"]
[Result "1-0"]
[WhiteElo "2493"]
[BlackElo "1995"]
[PlyCount "81"]
[EventDate "2010.07.13"]
[EventType "swiss"]
[EventRounds "9"]
[EventCountry "GRE"]
[Source "lmi"]
[SourceDate "2010.07.13"]

1. d4 d5 2. Nf3 Nf6 3. c4 e6 4. g3 c6 5. Bg2 Bd6 6. O-O O-O 7. Nbd2 Nbd7 8. Qc2
Re8 9. b3 e5 10. cxd5 cxd5 11. dxe5 Nxe5 12. Bb2 Nc6 13. e3 h6 14. Rad1 Qe7 15.
Nd4 Nxd4 16. Bxd4 Be6 17. Qb2 Ba3 18. Qa1 b6 19. Bxf6 Qxf6 20. Qxf6 gxf6 21.
Nb1 Bf8 22. Bxd5 Bxd5 23. Rxd5 Red8 24. Rfd1 Rxd5 25. Rxd5 Rc8 26. Nd2 Rc2 27.
a4 Bb4 28. Ne4 Kg7 29. g4 Rb2 30. Rd3 Rb1+ 31. Kg2 Rb2 32. h4 a5 33. h5 Be1 34.
Kf1 Bb4 35. Ng3 Rb1+ 36. Kg2 Rb2 37. Nf5+ Kh7 38. Rd7 Be1 39. Rxf7+ Kh8 40. Kf1
Bxf2 41. Rxf6 1-0

[Event "2. Rethymno Open"]
[Site "Rethymno GRE"]
[Date "2010.07.14"]
[Round "3.28"]
[White "Smirnov, Artem"]
[Black "Papadogiannis, Sevastianos"]
[Result "1-0"]
[WhiteElo "2446"]
[BlackElo "1946"]
[PlyCount "119"]
[EventDate "2010.07.13"]
[EventType "swiss"]
[EventRounds "9"]
[EventCountry "GRE"]
[Source "lmi"]
[SourceDate "2010.07.13"]

1. d4 c6 2. c4 d5 3. Nf3 Nf6 4. e3 e6 5. Bd3 Be7 6. O-O O-O 7. Nbd2 c5 8. dxc5
Na6 9. c6 bxc6 10. b3 Nc5 11. Bc2 a5 12. Bb2 Bb7 13. Qe2 Qb6 14. Rab1 Rad8 15.
Rfd1 Nfe4 16. Nxe4 Nxe4 17. Ne5 f6 18. Bxe4 fxe5 19. Bc2 Bf6 20. e4 Rf7 21. Rf1
d4 22. Bd3 c5 23. Bc1 Bc6 24. Bd2 Be7 25. a3 Bd6 26. Rb2 Qa7 27. Ra1 Ra8 28.
Qg4 Rf6 29. h4 h6 30. Qg3 Be8 31. Rab1 Rg6 32. Qh3 Rb8 33. Qf3 Be7 34. Qh3 Rf6
35. Qg3 Bd6 36. Qg4 Kh8 37. Qe2 Rf7 38. Qe1 Qe7 39. f3 a4 40. bxa4 Rxb2 41.
Rxb2 Bxa4 42. Rb6 Bc7 43. Ra6 Be8 44. Qg3 Qd7 45. Ra7 Qc8 46. Ba5 Qb8 47. Rxc7
Rxc7 48. Qxe5 Rc8 49. Qxe6 Rc6 50. Qe7 Bh5 51. e5 Rc8 52. Qd7 Rf8 53. e6 Qf4
54. e7 Re8 55. Qe6 Qxh4 56. Bd8 Qf4 57. Qe4 Qe3+ 58. Qxe3 dxe3 59. a4 Bf7 60.
a5 1-0

[Event "2. Rethymno Open"]
[Site "Rethymno GRE"]
[Date "2010.07.14"]
[Round "3.29"]
[White "Poobalasingam, Peter S"]
[Black "Khairullin, Adel"]
[Result "1-0"]
[WhiteElo "2326"]
[BlackElo "1930"]
[PlyCount "117"]
[EventDate "2010.07.13"]
[EventType "swiss"]
[EventRounds "9"]
[EventCountry "GRE"]
[Source "lmi"]
[SourceDate "2010.07.13"]

1. d4 d5 2. c4 e6 3. Nf3 c6 4. e3 f5 5. Be2 Nf6 6. O-O Bd6 7. b3 O-O 8. Ba3
Bxa3 9. Nxa3 Nbd7 10. Ne5 Nxe5 11. dxe5 Ne4 12. Nc2 Qc7 13. f4 Rd8 14. Qc1 Bd7
15. Nd4 Rac8 16. b4 b6 17. c5 b5 18. Bf3 a5 19. a3 Re8 20. Bxe4 fxe4 21. Qe1 a4
22. Qh4 Qd8 23. Qh3 Qe7 24. Rf2 Rf8 25. Raf1 Rce8 26. Ne2 Rc8 27. g4 Kh8 28.
Kh1 Kg8 29. Qg3 Rfe8 30. Rg1 Kh8 31. Nd4 Rc7 32. h4 Rcc8 33. Rh2 Rc7 34. Ne2
Rcc8 35. Rgg2 Rc7 36. Ng1 Rcc8 37. Nh3 Rcd8 38. h5 Bc8 39. Rd2 Bd7 40. Nf2 Bc8
41. Kg1 Rf8 42. Nh3 Rfe8 43. Kf1 Bd7 44. Ke1 Bc8 45. Kd1 Rd7 46. Kc2 Rdd8 47.
Kc3 Bd7 48. Kd4 Bc8 49. Rdf2 Rf8 50. Rh1 Rf7 51. Ng5 Bd7 52. Qh4 Kg8 53. Rfh2
Re8 54. Nxf7 Qxf7 55. Qg5 Bc8 56. f5 exf5 57. gxf5 h6 58. Qg6 Qc7 59. Qxe8+ 1-0

[Event "2. Rethymno Open"]
[Site "Rethymno GRE"]
[Date "2010.07.14"]
[Round "3.30"]
[White "Graifer, Michail"]
[Black "Bensdorp, Marlies"]
[Result "0-1"]
[WhiteElo "1888"]
[BlackElo "2301"]
[PlyCount "120"]
[EventDate "2010.07.13"]
[EventType "swiss"]
[EventRounds "9"]
[EventCountry "GRE"]
[Source "lmi"]
[SourceDate "2010.07.13"]

1. e4 e6 2. d4 d5 3. e5 c5 4. c3 Nc6 5. Nf3 Qb6 6. a3 Nh6 7. b4 cxd4 8. cxd4
Nf5 9. Be3 Nxe3 10. fxe3 f6 11. exf6 gxf6 12. Nc3 Bh6 13. Qd2 O-O 14. Bd3 Kh8
15. Bc2 Ne7 16. O-O Bd7 17. Qd3 Ng6 18. Rae1 Rac8 19. Nh4 Be8 20. Bb1 Rc7 21.
Nf3 Qc6 22. Rc1 Qc4 23. Rfe1 Bd7 24. Na2 Qxd3 25. Bxd3 Rxc1 26. Nxc1 Rc8 27.
Na2 Ba4 28. Kf2 Bf8 29. Rc1 Rxc1 30. Nxc1 a5 31. bxa5 Bxa3 32. Ne2 Ne7 33. Nf4
Bd7 34. a6 bxa6 35. Bxa6 Kg7 36. Bd3 h6 37. g3 Kf7 38. Ke2 Bd6 39. Bc2 e5 40.
Ng2 Bg4 41. Kf2 Nc6 42. Bb3 Be6 43. Ba4 Nb4 44. Nd2 Bg4 45. Bb3 Ke7 46. Ne1 Bc7
47. Nc2 Nd3+ 48. Kf1 Ba5 49. Nb1 Kd6 50. e4 Bh3+ 51. Kg1 dxe4 52. Ne3 Bb4 53.
Nc4+ Ke7 54. Nb6 exd4 55. Bc4 Ne5 56. Bb3 Bc5 57. Nd5+ Kd6 58. Nxf6 d3+ 59. Kh1
e3 60. Ne4+ Kc6 0-1

[Event "2. Rethymno Open"]
[Site "Rethymno GRE"]
[Date "2010.07.15"]
[Round "4.3"]
[White "Pap, Misa"]
[Black "Postny, Evgeny"]
[Result "0-1"]
[WhiteElo "2509"]
[BlackElo "2577"]
[PlyCount "78"]
[EventDate "2010.07.13"]
[EventType "swiss"]
[EventRounds "9"]
[EventCountry "GRE"]
[Source "lmi"]
[SourceDate "2010.07.13"]

1. e4 e5 2. Nf3 Nc6 3. Bc4 Bc5 4. O-O Nf6 5. d4 Bxd4 6. Nxd4 Nxd4 7. f4 d6 8.
fxe5 dxe5 9. Bg5 Be6 10. Na3 Qe7 11. Bxf6 gxf6 12. c3 Nc6 13. Kh1 Rg8 14. Rf2
Rg6 15. Qd3 Rd8 16. Qe2 a6 17. Nc2 Bxc4 18. Qxc4 Qe6 19. Qe2 Qg4 20. Rf3 Qd7
21. Qf1 Ne7 22. h3 Qb5 23. Ne3 Qxf1+ 24. Raxf1 Rd2 25. Ng4 Ng8 26. R3f2 Rd3 27.
Rf3 Rd7 28. Kg1 Ke7 29. R1f2 Rd1+ 30. Kh2 Ke6 31. Ne3 Rd8 32. h4 h5 33. Kh3 Nh6
34. Nf5 Ng4 35. Rf1 Rd2 36. b4 Nh2 37. Ng7+ Rxg7 38. Rxf6+ Ke7 39. Kxh2 Rgxg2+
0-1

[Event "2. Rethymno Open"]
[Site "Rethymno GRE"]
[Date "2010.07.15"]
[Round "4.4"]
[White "Parligras, Mircea"]
[Black "Tukhaev, Adam"]
[Result "1-0"]
[WhiteElo "2574"]
[BlackElo "2518"]
[PlyCount "53"]
[EventDate "2010.07.13"]
[EventType "swiss"]
[EventRounds "9"]
[EventCountry "GRE"]
[Source "lmi"]
[SourceDate "2010.07.13"]

1. e4 e6 2. d4 d5 3. Nd2 c5 4. exd5 Qxd5 5. Ngf3 cxd4 6. Bc4 Qd8 7. O-O Nc6 8.
Nb3 a6 9. Nbxd4 Nxd4 10. Nxd4 Bd6 11. Bd3 Nf6 12. c3 O-O 13. Bg5 Qc7 14. Kh1 b5
15. Bxf6 gxf6 16. Qh5 f5 17. g4 Kh8 18. gxf5 exf5 19. Nxf5 Bxf5 20. Bxf5 f6 21.
Rad1 Rad8 22. Rd5 Be5 23. Rfd1 Rxd5 24. Rxd5 Qb7 25. f3 Qf7 26. Qh4 Qb7 27. Qh3
1-0

[Event "2. Rethymno Open"]
[Site "Rethymno GRE"]
[Date "2010.07.15"]
[Round "4.6"]
[White "Sulashvili, Malkhaz"]
[Black "Kharitonov, Alexandr"]
[Result "1/2-1/2"]
[WhiteElo "2498"]
[BlackElo "2548"]
[PlyCount "58"]
[EventDate "2010.07.13"]
[EventType "swiss"]
[EventRounds "9"]
[EventCountry "GRE"]
[Source "lmi"]
[SourceDate "2010.07.13"]

1. d4 d5 2. Nf3 Nf6 3. c4 c6 4. e3 Bg4 5. h3 Bh5 6. Nc3 e6 7. g4 Bg6 8. Ne5
Nbd7 9. Nxg6 hxg6 10. cxd5 exd5 11. Bd3 Bb4 12. Bd2 Qe7 13. Qe2 Ne4 14. a3 Bxc3
15. Bxc3 f5 16. Bb4 Qh4 17. Bxe4 fxe4 18. Bd6 Qf6 19. Bg3 c5 20. Qb5 Qb6 21.
Qxb6 axb6 22. dxc5 Nxc5 23. Rd1 Nd3+ 24. Rxd3 exd3 25. Kd2 Rc8 26. Kxd3 Ke7 27.
Be5 b5 28. h4 Rh7 29. f4 Ke6 1/2-1/2

[Event "2. Rethymno Open"]
[Site "Rethymno GRE"]
[Date "2010.07.15"]
[Round "4.8"]
[White "Georgiadis, Ioannis"]
[Black "Iordachescu, Viorel"]
[Result "0-1"]
[WhiteElo "2457"]
[BlackElo "2623"]
[PlyCount "100"]
[EventDate "2010.07.13"]
[EventType "swiss"]
[EventRounds "9"]
[EventCountry "GRE"]
[Source "lmi"]
[SourceDate "2010.07.13"]

1. e4 e5 2. Nf3 Nc6 3. Bb5 Nf6 4. O-O Nxe4 5. d4 Nd6 6. Bxc6 dxc6 7. dxe5 Nf5
8. Qxd8+ Kxd8 9. Nc3 Ke8 10. h3 Be6 11. g4 Ne7 12. Nd4 Bd7 13. Re1 h5 14. e6
fxe6 15. Nxe6 Bxe6 16. Rxe6 hxg4 17. hxg4 Kd7 18. Re2 Ng6 19. Bg5 Bd6 20. Ne4
Rh3 21. Re3 Rxe3 22. Bxe3 Ne5 23. Rd1 Re8 24. Nxd6 cxd6 25. Bxa7 Nxg4 26. Bc5
Re6 27. Kf1 Nh6 28. c4 Nf5 29. b3 g5 30. Bb4 g4 31. Rd3 Re5 32. Bd2 Ke6 33. Bc3
Re4 34. Bd2 Nh4 35. Bb4 d5 36. cxd5+ cxd5 37. Re3 Rxe3 38. fxe3 Ke5 39. Kf2 Nf5
40. Bc5 Ke4 41. a4 g3+ 42. Kg2 Nxe3+ 43. Kxg3 d4 44. Kf2 Kd3 45. b4 Nd5 46. Kf3
Kc4 47. Bf8 Nxb4 48. Ke4 Nd3 49. a5 Nc5+ 50. Kf3 Nb3 0-1

[Event "2. Rethymno Open"]
[Site "Rethymno GRE"]
[Date "2010.07.15"]
[Round "4.9"]
[White "David, Alberto"]
[Black "D`costa, Lorin A R"]
[Result "1-0"]
[WhiteElo "2622"]
[BlackElo "2456"]
[PlyCount "59"]
[EventDate "2010.07.13"]
[EventType "swiss"]
[EventRounds "9"]
[EventCountry "GRE"]
[Source "lmi"]
[SourceDate "2010.07.13"]

1. Nf3 Nf6 2. c4 e6 3. g3 d5 4. d4 dxc4 5. Bg2 a6 6. O-O Nc6 7. Bg5 Be7 8. e3
Nd5 9. Bxe7 Qxe7 10. Nfd2 b5 11. b3 cxb3 12. Nxb3 Rb8 13. Qc1 Rb6 14. Nc3 Qd6
15. e4 Nxc3 16. Qxc3 b4 17. Qc4 e5 18. f4 exd4 19. e5 Be6 20. Qc1 Nxe5 21. fxe5
Qxe5 22. Re1 Qd6 23. Qc4 d3 24. Rad1 O-O 25. Qxd3 Qxd3 26. Rxd3 g6 27. Nc5 Bxa2
28. Nd7 b3 29. Nxb6 cxb6 30. Bd5 1-0

[Event "2. Rethymno Open"]
[Site "Rethymno GRE"]
[Date "2010.07.15"]
[Round "4.11"]
[White "Borovikov, Vladislav"]
[Black "Khotenashvili, Bela"]
[Result "1/2-1/2"]
[WhiteElo "2601"]
[BlackElo "2423"]
[PlyCount "56"]
[EventDate "2010.07.13"]
[EventType "swiss"]
[EventRounds "9"]
[EventCountry "GRE"]
[Source "lmi"]
[SourceDate "2010.07.13"]

1. d4 Nf6 2. Nf3 g6 3. c4 Bg7 4. g3 c5 5. Nc3 Qa5 6. Bg2 Ne4 7. Qd3 Nc6 8. Qxe4
cxd4 9. Nxd4 Nxd4 10. O-O d6 11. Qd3 Bf5 12. e4 Be6 13. Bd2 Rc8 14. b3 Qh5 15.
Rae1 Bh3 16. Nd5 Bxg2 17. Kxg2 Nc6 18. f4 O-O 19. f5 Be5 20. f6 exf6 21. Rxf6
Kg7 22. Bc3 Rcd8 23. Ref1 Bxc3 24. Qxc3 Qe5 25. Qf3 Rd7 26. Qg4 Rdd8 27. Qf3
Rd7 28. Qg4 Rdd8 1/2-1/2

[Event "2. Rethymno Open"]
[Site "Rethymno GRE"]
[Date "2010.07.15"]
[Round "4.12"]
[White "Kekki, Petri"]
[Black "Volkov, Sergey"]
[Result "0-1"]
[WhiteElo "2371"]
[BlackElo "2597"]
[PlyCount "72"]
[EventDate "2010.07.13"]
[EventType "swiss"]
[EventRounds "9"]
[EventCountry "GRE"]
[Source "lmi"]
[SourceDate "2010.07.13"]

1. d4 d5 2. c4 e6 3. Nc3 c6 4. cxd5 exd5 5. Qc2 Bd6 6. Nf3 Ne7 7. Bg5 f6 8. Bd2
O-O 9. e4 dxe4 10. Nxe4 Nd5 11. Nxd6 Qxd6 12. Bd3 Re8+ 13. Kf1 f5 14. Bxf5 Bxf5
15. Qxf5 Nd7 16. Ng5 N5f6 17. Bc3 b5 18. b3 h6 19. Nf3 Ne4 20. Bb2 Re7 21. Re1
Rf8 22. Qh5 Ndf6 23. Qh4 c5 24. Re2 Qd5 25. Qf4 Nh5 26. Qc1 Nf4 27. Re3 Ref7
28. Rg1 c4 29. bxc4 bxc4 30. Ba3 Rb8 31. Qc2 Nd3 32. Ke2 g5 33. h3 Rfb7 34. Ne5
Rb2 35. Bxb2 Rxb2 36. Rc1 Nxc1+ 0-1

[Event "2. Rethymno Open"]
[Site "Rethymno GRE"]
[Date "2010.07.15"]
[Round "4.13"]
[White "Vorobiov, Evgeny E"]
[Black "Breier, Andreas"]
[Result "1/2-1/2"]
[WhiteElo "2592"]
[BlackElo "2399"]
[PlyCount "67"]
[EventDate "2010.07.13"]
[EventType "swiss"]
[EventRounds "9"]
[EventCountry "GRE"]
[Source "lmi"]
[SourceDate "2010.07.13"]

1. d4 e6 2. e4 d5 3. Nc3 dxe4 4. Nxe4 Nd7 5. Nf3 Ngf6 6. Bd3 Nxe4 7. Bxe4 Nf6
8. Bg5 c5 9. Qe2 Qa5+ 10. Bd2 Qb6 11. Bc3 Nxe4 12. Qxe4 cxd4 13. Bxd4 Qb4+ 14.
Nd2 Bd7 15. Qe3 Rc8 16. a3 Qb5 17. c4 Qh5 18. Bxa7 Bc6 19. O-O Bd6 20. h3 Qf5
21. Nf3 Bxf3 22. Qxf3 Qxf3 23. gxf3 Rxc4 24. Rac1 Rxc1 25. Rxc1 Kd7 26. Kf1 Be5
27. Rd1+ Kc6 28. Bd4 Bxd4 29. Rxd4 e5 30. Rc4+ Kb6 31. Rb4+ Kc6 32. Rc4+ Kb6
33. Rb4+ Kc6 34. Rc4+ 1/2-1/2

[Event "2. Rethymno Open"]
[Site "Rethymno GRE"]
[Date "2010.07.15"]
[Round "4.16"]
[White "Zinchenko, Yaroslav"]
[Black "Vuilleumier, Alexandre"]
[Result "1/2-1/2"]
[WhiteElo "2544"]
[BlackElo "2361"]
[PlyCount "51"]
[EventDate "2010.07.13"]
[EventType "swiss"]
[EventRounds "9"]
[EventCountry "GRE"]
[Source "lmi"]
[SourceDate "2010.07.13"]

1. e4 e5 2. Nf3 Nc6 3. Bb5 f5 4. Nc3 fxe4 5. Nxe4 Nf6 6. Nxf6+ Qxf6 7. Qe2 Be7
8. Bxc6 bxc6 9. Qxe5 O-O 10. Qxf6 Bxf6 11. O-O c5 12. d3 Bb7 13. Nd2 Rae8 14.
Nb3 Re2 15. c3 d6 16. Bd2 Ba6 17. Rad1 Bxd3 18. Nc1 Rxd2 19. Rxd2 Bxf1 20. Kxf1
c4 21. Ke1 Bg5 22. Rc2 Bxc1 23. Rxc1 Rb8 24. Rc2 Rb5 25. Kd2 Ra5 26. a3 1/2-1/2

[Event "2. Rethymno Open"]
[Site "Rethymno GRE"]
[Date "2010.07.15"]
[Round "4.18"]
[White "Hovhanisian, Mher"]
[Black "Gavasheli, Ana"]
[Result "1-0"]
[WhiteElo "2479"]
[BlackElo "2168"]
[PlyCount "48"]
[EventDate "2010.07.13"]
[EventType "swiss"]
[EventRounds "9"]
[EventCountry "GRE"]
[Source "lmi"]
[SourceDate "2010.07.13"]

1. e4 d6 2. d4 Nf6 3. Nc3 g6 4. Nf3 Bg7 5. Bc4 c6 6. e5 dxe5 7. Nxe5 e6 8. Bg5
Qc7 9. Qf3 Nd5 10. Ne4 f5 11. Bxd5 cxd5 12. Nf6+ Bxf6 13. Bxf6 O-O 14. Bg5 Qxc2
15. Bh6 Qxb2 16. O-O Qxd4 17. Bxf8 Qxe5 18. Rfe1 Qf6 19. Bd6 Nc6 20. Rac1 Bd7
21. Qb3 b6 22. f4 Na5 23. Qd3 Nc4 24. Bb4 Rc8 1-0

[Event "2. Rethymno Open"]
[Site "Rethymno GRE"]
[Date "2010.07.15"]
[Round "4.20"]
[White "Richter, Michael"]
[Black "Kounalakis, Evryklis"]
[Result "1-0"]
[WhiteElo "2428"]
[BlackElo "2142"]
[PlyCount "97"]
[EventDate "2010.07.13"]
[EventType "swiss"]
[EventRounds "9"]
[EventCountry "GRE"]
[Source "lmi"]
[SourceDate "2010.07.13"]

1. d4 d5 2. c4 c6 3. Nc3 Nf6 4. e3 e6 5. Bd2 Nbd7 6. Rc1 Bd6 7. c5 Bc7 8. f4 b6
9. b4 bxc5 10. bxc5 Ba5 11. Nf3 Bxc3 12. Bxc3 a5 13. Bd3 Ba6 14. O-O O-O 15.
Bxa6 Rxa6 16. Nd2 Qc7 17. Rb1 Rb8 18. Rxb8+ Qxb8 19. Qb3 Qb5 20. Rb1 Qd3 21.
Nf1 h6 22. Be1 Qxb3 23. Rxb3 a4 24. Rb7 Kf8 25. Bh4 Ke8 26. Bxf6 gxf6 27. a3
Kd8 28. g4 Kc8 29. Rb4 Ra5 30. Kf2 Kc7 31. Nd2 Nb8 32. Kg3 Na6 33. Rb2 Rb5 34.
Rb1 Kd7 35. Kh4 Nc7 36. Kh5 Ke7 37. Kxh6 Kf8 38. g5 fxg5 39. fxg5 Rxb1 40. Nxb1
e5 41. dxe5 Ne6 42. Nc3 Nxc5 43. Kh7 Ke7 44. h4 Nd7 45. h5 Nxe5 46. Nxa4 Ke6
47. Kg7 Nf3 48. g6 fxg6 49. h6 1-0

[Event "2. Rethymno Open"]
[Site "Rethymno GRE"]
[Date "2010.07.15"]
[Round "4.21"]
[White "Turova, Irina"]
[Black "Schut, Han"]
[Result "1-0"]
[WhiteElo "2394"]
[BlackElo "2131"]
[PlyCount "63"]
[EventDate "2010.07.13"]
[EventType "swiss"]
[EventRounds "9"]
[EventCountry "GRE"]
[Source "lmi"]
[SourceDate "2010.07.13"]

1. Nf3 c5 2. c4 Nf6 3. Nc3 Nc6 4. g3 d5 5. cxd5 Nxd5 6. Bg2 Nc7 7. d3 e5 8. O-O
Be7 9. Be3 Bd7 10. Nd2 O-O 11. Nc4 f6 12. a4 b6 13. f4 exf4 14. gxf4 Kh8 15. f5
Rb8 16. Bf4 Nb4 17. Nb5 Nxb5 18. axb5 Bxb5 19. Rxa7 Re8 20. Bxb8 Qxb8 21. Ra8
Qc7 22. Qa1 Kg8 23. Rxe8+ Bxe8 24. Qa8 Kf7 25. Ra1 Bc6 26. Ra7 Qf4 27. Bxc6
Qc1+ 28. Kf2 Qf4+ 29. Bf3 Qxh2+ 30. Ke1 Qg3+ 31. Kd2 Qg5+ 32. e3 1-0

[Event "2. Rethymno Open"]
[Site "Rethymno GRE"]
[Date "2010.07.15"]
[Round "4.23"]
[White "Kudriashova, Irina"]
[Black "Bellia, Fabrizio"]
[Result "0-1"]
[WhiteElo "2120"]
[BlackElo "2376"]
[PlyCount "94"]
[EventDate "2010.07.13"]
[EventType "swiss"]
[EventRounds "9"]
[EventCountry "GRE"]
[Source "lmi"]
[SourceDate "2010.07.13"]

1. e4 e5 2. Nf3 Nc6 3. Bb5 a6 4. Bxc6 dxc6 5. O-O f6 6. d4 exd4 7. Nxd4 c5 8.
Ne2 Qxd1 9. Rxd1 Bd7 10. Nbc3 O-O-O 11. Be3 Re8 12. Rd2 Bc6 13. Rad1 Bd6 14.
Bf4 Bxf4 15. Nxf4 Nh6 16. f3 b6 17. Kf2 f5 18. Nfd5 fxe4 19. Nxe4 Ng4+ 20. fxg4
Rxe4 21. Kg3 Rf8 22. h3 g5 23. Rf2 Rxf2 24. Kxf2 Ba4 25. Rd2 Rd4 26. Ke3 Bxc2
27. Rxd4 cxd4+ 28. Kxd4 Kd7 29. Ke5 a5 30. g3 b5 31. a3 c5 32. h4 gxh4 33. gxh4
b4 34. axb4 cxb4 35. g5 Kc6 36. h5 Kc5 37. Ne3 b3 38. Nf5 Bxf5 39. Kxf5 a4 40.
g6 hxg6+ 41. hxg6 a3 42. g7 axb2 43. g8=Q b1=Q+ 44. Ke5 Qe1+ 45. Kf6 Qc3+ 46.
Kf5 Qd3+ 47. Ke5 Qd4+ 0-1

[Event "2. Rethymno Open"]
[Site "Rethymno GRE"]
[Date "2010.07.15"]
[Round "4.24"]
[White "Vrublevskaya, Olga"]
[Black "Markidis, Konstantinos"]
[Result "0-1"]
[WhiteElo "2102"]
[BlackElo "2342"]
[PlyCount "48"]
[EventDate "2010.07.13"]
[EventType "swiss"]
[EventRounds "9"]
[EventCountry "GRE"]
[Source "lmi"]
[SourceDate "2010.07.13"]

1. e4 e6 2. d4 d5 3. exd5 exd5 4. Bd3 c5 5. dxc5 Bxc5 6. Nf3 Nf6 7. O-O O-O 8.
h3 Nc6 9. Bg5 h6 10. Bf4 Re8 11. Nbd2 Ne4 12. Nb3 Bb6 13. c3 Qf6 14. Bh2 Bf5
15. a4 a6 16. a5 Ba7 17. Ra4 Nxf2 18. Rxf2 Bxd3 19. Nbd4 Qg6 20. Nh4 Qe4 21.
Nhf3 Nxd4 22. cxd4 Be2 23. Qd2 Qb1+ 24. Qe1 Qxe1+ 0-1

[Event "2. Rethymno Open"]
[Site "Rethymno GRE"]
[Date "2010.07.15"]
[Round "4.25"]
[White "Lorscheid, Gerhard"]
[Black "Tzouganakis, Panteleimon"]
[Result "1-0"]
[WhiteElo "2326"]
[BlackElo "2095"]
[PlyCount "151"]
[EventDate "2010.07.13"]
[EventType "swiss"]
[EventRounds "9"]
[EventCountry "GRE"]
[Source "lmi"]
[SourceDate "2010.07.13"]

1. d4 Nf6 2. c4 g6 3. Nc3 Bg7 4. e4 d6 5. f3 O-O 6. Nge2 Nc6 7. Be3 a6 8. Qd2
Rb8 9. Rc1 e5 10. d5 Na5 11. Nd1 b6 12. b4 Nb7 13. Nec3 Nh5 14. Bd3 f5 15. exf5
gxf5 16. O-O Qf6 17. Ne2 Kh8 18. f4 Bd7 19. Kh1 a5 20. a3 axb4 21. axb4 Rbe8
22. Ndc3 Qg6 23. fxe5 dxe5 24. c5 bxc5 25. bxc5 c6 26. Rb1 cxd5 27. Nxd5 Bc6
28. Rb6 Re6 29. Rxc6 Rxc6 30. Ne7 Qe6 31. Nxc6 Qxc6 32. Rxf5 Rxf5 33. Bxf5 Nf6
34. Qb4 Nd5 35. Qa3 Qf6 36. Bg1 Qxf5 37. Qa8+ Bf8 38. Qxb7 Qe6 39. c6 Bd6 40.
Ng3 Bc7 41. Nh5 Kg8 42. Qb3 Kf7 43. Qf3+ Kg6 44. Ng3 Nf6 45. Qc3 h5 46. Qc2+ e4
47. Bd4 h4 48. Nf1 Qf5 49. Qf2 Qxf2 50. Bxf2 Nd5 51. Bxh4 Nb4 52. Ne3 Nxc6 53.
Nd5 Bd6 54. g4 Nd4 55. Kg2 Nc2 56. Bg3 Bc5 57. h4 Ba7 58. h5+ Kg5 59. Kh3 Kh6
60. Bf4+ Kg7 61. Be5+ Kh6 62. Bf4+ Kg7 63. g5 e3 64. Be5+ Kf8 65. h6 Bd4 66.
Bxd4 Nxd4 67. Nxe3 Kf7 68. Kg4 Kg6 69. Nd5 Nc6 70. Nf4+ Kh7 71. Kh5 Ne7 72. g6+
Kh8 73. Kg5 Ng8 74. Nd5 Ne7 75. g7+ Kh7 76. Nf6# 1-0

[Event "2. Rethymno Open"]
[Site "Rethymno GRE"]
[Date "2010.07.15"]
[Round "4.26"]
[White "Ruiz C, Joshua D"]
[Black "Poobalasingam, Peter S"]
[Result "1/2-1/2"]
[WhiteElo "2096"]
[BlackElo "2326"]
[PlyCount "109"]
[EventDate "2010.07.13"]
[EventType "swiss"]
[EventRounds "9"]
[EventCountry "GRE"]
[Source "lmi"]
[SourceDate "2010.07.13"]

1. e4 e6 2. Qe2 Ne7 3. g3 Nbc6 4. c3 d5 5. d3 dxe4 6. dxe4 Ng6 7. Be3 Be7 8. f4
b6 9. Nf3 Bb7 10. Nbd2 a5 11. Qf2 a4 12. Bb5 O-O 13. O-O-O Qb8 14. g4 Ra5 15.
Bxc6 Bxc6 16. Bd4 Nxf4 17. Nc4 Bxe4 18. Nxa5 bxa5 19. Bxg7 Rd8 20. Bd4 Qb5 21.
Qe3 Nd3+ 22. Rxd3 Qxd3 23. Qxd3 Bxd3 24. Re1 c5 25. Be3 a3 26. bxa3 c4 27. Ne5
Bxa3+ 28. Kd2 Be4+ 29. Bd4 Bd5 30. g5 Be7 31. h4 Rb8 32. Rf1 Rb7 33. Ng4 Bd8
34. Nh6+ Kf8 35. Ke3 Ke8 36. Kf4 Rb2 37. Ke5 Re2+ 38. Kd6 Be7+ 39. Kc7 e5 40.
Bg1 Rb2 41. Ng8 Bd8+ 42. Kd6 Bg2 43. Rf5 Rd2+ 44. Kc5 Kf8 45. Nh6 Be7+ 46. Kb5
Bd5 47. Rxe5 Bd6 48. Bc5 Bxc5 49. Kxc5 Be6 50. Nf5 Rxa2 51. Nd4 Ke7 52. Nxe6
fxe6 53. Re4 a4 54. Kxc4 Rb2 55. Kd3 1/2-1/2

[Event "2. Rethymno Open"]
[Site "Rethymno GRE"]
[Date "2010.07.15"]
[Round "4.27"]
[White "Martin Alvarez, Inigo"]
[Black "Schut, Donna"]
[Result "1/2-1/2"]
[WhiteElo "2321"]
[BlackElo "2080"]
[PlyCount "77"]
[EventDate "2010.07.13"]
[EventType "swiss"]
[EventRounds "9"]
[EventCountry "GRE"]
[Source "lmi"]
[SourceDate "2010.07.13"]

1. e4 e6 2. d4 d5 3. e5 c5 4. Nf3 cxd4 5. Bd3 Nc6 6. O-O f6 7. Qe2 Qc7 8. Bf4
g5 9. Bg3 g4 10. Nh4 fxe5 11. Qxg4 Nf6 12. Qg5 Qg7 13. Qd2 Bd7 14. Re1 Nh5 15.
Bb5 Nxg3 16. hxg3 Bc5 17. Qe2 d3 18. Qh5+ Kd8 19. Bxc6 bxc6 20. cxd3 Qxg3 21.
Re2 Rf8 22. Nf3 Rg8 23. Qh4+ Qxh4 24. Nxh4 Kc7 25. Nf3 Raf8 26. Nxe5 Kd6 27.
Nxd7 Kxd7 28. Nd2 e5 29. Rc1 Bb6 30. Nb3 Rg3 31. Nc5+ Bxc5 32. Rxc5 Rxd3 33.
Ra5 Ra8 34. Rxe5 Rd1+ 35. Kh2 Rd2 36. Rh5 Rxf2 37. Rxh7+ Kd6 38. Rh6+ Ke5 39.
Rh5+ 1/2-1/2

[Event "2. Rethymno Open"]
[Site "Rethymno GRE"]
[Date "2010.07.15"]
[Round "4.30"]
[White "Tchantcev, Chaliko"]
[Black "Manolaraki, Yvonni"]
[Result "1-0"]
[WhiteElo "2284"]
[BlackElo "2042"]
[PlyCount "129"]
[EventDate "2010.07.13"]
[EventType "swiss"]
[EventRounds "9"]
[EventCountry "GRE"]
[Source "lmi"]
[SourceDate "2010.07.13"]

1. d4 Nf6 2. Nf3 d5 3. c4 dxc4 4. Nc3 e6 5. e4 c6 6. Bxc4 Nbd7 7. O-O Bb4 8. e5
Nd5 9. Ne4 N7b6 10. Bd3 h6 11. Bb1 Qc7 12. Bd2 Be7 13. Qe2 Bd7 14. Rc1 f5 15.
exf6 gxf6 16. Nc5 O-O-O 17. Nxe6 Bxe6 18. Qxe6+ Kb8 19. g3 Bd6 20. Bg6 Rhg8 21.
Qe4 Ne7 22. Bh5 f5 23. Qe6 f4 24. g4 Nbd5 25. Re1 Rdf8 26. Ne5 Bxe5 27. Qxe5
Qxe5 28. dxe5 Ng6 29. f3 Re8 30. e6 Kc7 31. Rad1 Re7 32. Kf2 b6 33. Re4 Rgg7
34. Bxg6 Rxg6 35. Bxf4+ Nxf4 36. Rxf4 Rgxe6 37. Rd2 c5 38. b4 cxb4 39. Rxb4 Kb7
40. h4 Re5 41. Rbd4 Kc7 42. Rd5 R5e6 43. a4 Rf7 44. a5 Ref6 45. R2d3 a6 46. g5
hxg5 47. hxg5 Rc6 48. axb6+ Rxb6 49. Kg3 Rb1 50. Re5 Rb5 51. Rxb5 axb5 52. Kg4
Kc6 53. f4 b4 54. g6 Rb7 55. Rb3 Kd6 56. Kg5 Ke7 57. f5 Rb5 58. Kh6 Rxf5 59.
Rxb4 Rf1 60. Kg7 Rg1 61. Re4+ Kd7 62. Kf7 Rf1+ 63. Kg8 Rg1 64. g7 Rf1 65. Rh4
1-0